000 00606nam a2200217Ia 4500
999 _c7479
_d7479
003 0100
005 20170428095655.0
008 130303s9999 xx 000 0 und d
040 _cARRUPELIB
050 _aDT963.76.M35A361981
100 _aMakasa, Kapasa
_98232
245 _aZambia's march to political freedom
260 _bHeinemann Educational Books
_aNairobi
_c1981
300 _a162 p.
300 _b 21 cm
650 _aPoliticians
_xZambia
_xBiography
_98233
650 _aZambia
_xPolitics and government
_x1964
_98234
700 _aKapasa Makasa
_98235
942 0 0 _01
_2lcc
_cMONOGRAPH